|
|
|
|
| LEADER |
00000cam a2200000 7i4500 |
| 001 |
0000001471 |
| 005 |
20010702.0 |
| 090 |
0 |
0 |
|a 674.8
|b FED 1977
|
| 110 |
1 |
0 |
|a FEDERAL Industrial Development Authority
|c Industrial Studies and Surveys Division
|
| 245 |
1 |
0 |
|a Investigation report on the manufacture of wood briquettes
|c Industrial Studies and Surveys Division, Federal Industrial Development Authority
|
| 260 |
0 |
0 |
|a Kuala Lumpur :
|b FIDA ,
|c 1977
|
| 300 |
|
|
|a 25 p. ;
|c 28 cm.
|
| 650 |
0 |
0 |
|a Wooden products
|
| 998 |
|
|
|a JPSM
|
| 999 |
|
|
|a 0000003131
|b Monograph
|c Open Shelf
|e Default branch
|